El submunicipio español (Record no. 136152)

MARC details
000 -LEADER
campo de control de longitud fija 00509nam a2200157 4500
001 - NÚMERO DE CONTROL
campo de control 136152
003 - IDENTIFICADOR DE NÚMERO DE CONTROL
campo de control ES-MaACL
005 - FECHA Y HORA DE LA ÚLTIMA TRANSACCIÓN
campo de control 20230906195040.0
007 - CAMPO FIJO DE DESCRIPCIÓN FÍSICA--INFORMACIÓN GENERAL
campo de control de longitud fija t|
008 - DATOS DE LONGITUD FIJA--INFORMACIÓN GENERAL
campo de control de longitud fija 070214s1960 sp r ||||1| spa d
100 1# - ENTRADA PRINCIPAL--NOMBRE DE PERSONA
Nombre de persona Ruiz Rodríguez, Francisco.
9 (RLIN) 100916
245 13 - MENCIÓN DEL TÍTULO
Título El submunicipio español
Resto del título : (la entidad local menor ante el Derecho) /
Mención de responsabilidad, etc. Francisco Ruiz Rodríguez.
260 ## - PUBLICACIÓN, DISTRIBUCIÓN, ETC.
Lugar de publicación, distribución, etc. Santander :
Nombre del editor, distribuidor, etc. [s. n.],
Fecha de publicación, distribución, etc. 1960 (
Fabricante Tip. Casa Cimiano)
300 ## - DESCRIPCIÓN FÍSICA
Extensión 263 p. ;
Dimensiones 26 cm.
852 ## - LOCALIZACIÓN
Ubicación ES-MaACL
Número de control de estantería C-18220
Sublocalización o colección R.46455
Holdings
Estatus retirado Estado de pérdida Estado de daño No para préstamo Biblioteca de origen Biblioteca actual Ubicación en estantería Fecha de adquisición Fuente de adquisición Total de préstamos Signatura topográfica completa Código de barras Visto por última vez Precio de reemplazo Tipo de ítem Koha
        Biblioteca del Ateneo de Madrid Biblioteca del Ateneo de Madrid Galería 17/01/2008     C-18220 1141701 23/02/2023 23/02/2023 Libro impreso